[Event "Stay Safe Play From Home 214"]
[Site "T#646695Emanuel Laske"]
[Date "2020.06.10"]
[Round "3"]
[White "Haxhi Baha"]
[Black "Toosieslide"]
[Result "0-1"]
[WhiteElo "1953"]
[BlackElo "2211"]
[Annotator "TA"]
[PlyCount "50"]
[EventDate "2020.06.10"]
[EventType "swiss (blitz)"]

{[%evp 9,49,-20,46,47,48,41,58,64,74,70,76,73,70,21,26,10,14,11,62,2,106,27,16,25,244,264,291,235,222,221,220,145,270,73,101,77,187,0,35,22,20,-29999]} 1. e4 e5 2. f4 exf4 3. Bc4 Nf6 4. Nc3 Be7 5. d4 O-O {[#]} (5... Nxe4 $11 6. Qh5 (6. Nxe4 d5 $15 {[%mdl 64] Double Attack}) 6... Nd6) 6. e5 $146 {[%cal Re5f6] C33: King's Gambit Accepted: 3 Nc3 and 3 Bc4.} ({Of course not} 6. Bxf4 Nxe4 7. Nxe4 d5 $11) ({Predecessor:} 6. Bxf4 d6 7. Nf3 Bg4 8. O-O Nfd7 9. h3 Be6 10. d5 Nb6 11. b3 Bd7 12. Qd3 Nxc4 13. bxc4 {0-1 (48) Navarro Martinez,V (1279)-Rente,A Leiria 2017}) 6... Ne8 7. Nf3 d6 8. Bxf4 {White is slightly better.} Bg4 9. O-O Nd7 10. Qe1 c6 11. Bb3 d5 12. a3 Nc7 13. Qg3 Be6 (13... Bf5 $11) 14. h4 ({White should play} 14. Bh6 $14 Ne8 15. Ng5) 14... Re8 (14... Bf5 $11 {remains equal.}) 15. Ng5 (15. Bh6 $16 {[%csl Gh6][%cal Rg3g7]} Bf8 16. Be3) 15... h6 $11 16. Nf3 {[#] And now Bxh6 would win.} Nf8 $2 (16... Kh8 $11 {and Black stays safe.}) 17. Bxh6 $1 $18 {[%csl Gh6][%cal Rg3g7]} Ng6 18. h5 $40 {[%mdl 128] Black is in trouble.} gxh6 19. hxg6 Kh8 {Black hopes to continue with ...Rg8.} 20. gxf7 Bxf7 (20... Rf8 $16 21. Nh2 Bh4) 21. Nh2 $2 ({But not} 21. Qf4 $6 Kg7 $18) (21. Qh3 $18 {is more deadly.} Kg7 22. Ne2) 21... Rg8 22. Qh3 {[%cal Rh3h6]} Qf8 (22... Rg7 $16) 23. Rf3 $2 ({Better is} 23. Ng4 $18 Rg6 24. Ne2) 23... Qg7 24. Raf1 Be6 25. Qh5 $2 {[%mdl 8192] [#]} (25. g4 $11) 25... Qxg2# {Accuracy: White = 48%, Black = 49%.} 0-1

[Event "Stay Safe Play From Home 214"]
[Site "T#646695Emanuel Laske"]
[Date "2020.06.10"]
[Round "3"]
[White "Haris kollari 13"]
[Black "Matanant"]
[Result "1-0"]
[WhiteElo "1727"]
[BlackElo "1607"]
[Annotator "NA RC"]
[PlyCount "57"]
[EventDate "2020.06.10"]
[EventType "swiss (blitz)"]

1. e4 {[%emt 0:00:01]} e5 {[%emt 0:00:03]} 2. f4 {[%emt 0:00:01]} d5 {[%emt 0:00:00]} 3. exd5 {[%emt 0:00:02]} e4 {[%emt 0:00:00]} 4. c4 {[%emt 0:00:02]} Nf6 {[%emt 0:00:00]} 5. Nc3 {[%emt 0:00:01]} Bc5 {[%emt 0:00:01]} 6. Nge2 {[%emt 0:00:02]} O-O {[%emt 0:00:00]} 7. a4 {[%emt 0:00:01]} a5 {[%emt 0:00:03]} 8. Qc2 {[%emt 0:00:01]} Re8 {[%emt 0:00:02]} 9. g3 {[%emt 0:00:02]} Bg4 {[%emt 0:00:02]} 10. Bg2 {[%emt 0:00:01]} Bf3 {[%emt 0:00:01]} 11. Kf1 {[%emt 0:00:05]} Bxg2+ {[%emt 0:00:02]} 12. Kxg2 {[%emt 0:00:01]} Nbd7 {[%emt 0:00:03]} 13. b3 {[%emt 0:00:01]} c6 {[%emt 0:00:06]} 14. dxc6 {[%emt 0:00:02]} bxc6 {[%emt 0:00:01]} 15. Bb2 {[%emt 0:00:01]} Rb8 {[%emt 0:00:02]} 16. Rad1 {[%emt 0:00:02]} Ng4 {[%emt 0:00:03]} 17. h3 {[%emt 0:00:04]} Nh6 {[%emt 0:00:01]} 18. Nxe4 {[%emt 0:00:05]} Re5 {[%emt 0:00:02]} 19. d4 {[%emt 0:00:02]} Rxe4 {[%emt 0:00:02]} 20. Qxe4 {[%emt 0:00:01]} Bb4 {[%emt 0:00:02]} 21. Qxc6 {[%emt 0:00:01]} Bf8 {[%emt 0:00:06]} 22. Rhe1 {[%emt 0:00:02]} Rxb3 {[%emt 0:00:02]} 23. Bc1 {[%emt 0:00:03]} Nf5 {[%emt 0:00:02]} 24. Qd5 {[%emt 0:00:01]} g6 {[%emt 0:00:03]} 25. g4 {[%emt 0:00:04]} Ng7 {[%emt 0:00:03]} 26. f5 {[%emt 0:00:01]} Qc8 {[%emt 0:00:03]} 27. c5 {[%emt 0:00:02]} Nf6 {[%emt 0:00:01]} 28. Qxb3 {[%emt 0:00:02]} Qa8+ {[%emt 0:00:04]} 29. Qf3 {[%emt 0:00:02] Time (Lag: Av=0.64s, max=0.9s)} 1-0

[Event "Stay Safe Play From Home 214"]
[Site "T#646695Emanuel Laske"]
[Date "2020.06.10"]
[Round "4"]
[White "Mepe_Nika"]
[Black "SoulofWolf"]
[Result "1-0"]
[WhiteElo "2360"]
[BlackElo "2234"]
[Annotator "TA"]
[PlyCount "129"]
[EventDate "2020.06.10"]
[EventType "swiss (blitz)"]

{[%evp 10,128,48,45,68,53,54,11,22,0,43,6,85,8,80,53,78,72,75,63,93,71,209,68,62,64,74,67,135,131,126,35,51,-18,94,44,53,35,168,21,21,22,101,101,232,56,56,56,114,-6,282,265,456,437,425,439,526,515,519,512,703,516,575,587,592,554,628,615,1135,1103,5663,5701,5447,5277,5105,3686,29982,29980,29982,29983,29983,29984,29990,29979,29982,29983,29987,29987,29986,29980,29980,29981,29981,29982,29982,29983,29984,29985,29985,29986,29986,29987,29987,29988,29988,29989,29989,29990,29989,29989,29991,29992,29992,29993,29993,29994,29994,29995,29995,29996,29999]} 1. d4 e6 2. Bf4 Nf6 3. e3 d5 4. c4 Nbd7 5. Nc3 c6 6. Nf3 g6 {D37: Queen's Gambit Declined: 5 Bf4.} 7. Qc2 Bg7 {[#]} 8. Ne5 $146 ({Predecessor:} 8. cxd5 exd5 9. Bd6 Nb6 10. Bc5 Be6 11. Bd3 Qc7 12. O-O Nbd7 13. Ba3 Bf8 14. Bxf8 Kxf8 {1-0 (115) Bauner,J (1989)-Rubinstein,M (1812) Bucharest 2019}) 8... O-O {The position is equal.} 9. Bd3 h5 10. cxd5 cxd5 (10... Nxd5 $11 11. Nxd7 Nb4) 11. h4 (11. Bg5 $16) 11... Nb6 (11... Nxe5 $11 12. Bxe5 Ng4) 12. O-O Bd7 13. Bg5 Be8 14. Rac1 Rc8 15. Qe2 a6 (15... Qd6 $16) 16. b3 (16. Qf3 $18) 16... Qd6 $14 17. Rc2 Qb4 18. Rfc1 Nh7 (18... Nfd7 $14) 19. Bf4 $16 Nf6 20. Nf3 ({White should try} 20. g3 $16) 20... Ng4 21. Ne5 (21. Nxd5 $14 Rxc2 22. Nxb4 Rxc1+ 23. Ne1) 21... Nf6 (21... Nxe5 $11 {remains equal.} 22. dxe5 Nd7) 22. Nd1 Rxc2 23. Rxc2 Bd7 ({Better is} 23... Ne4 $14) 24. Qd2 ({White should play} 24. Rc7 $18) 24... Qxd2 $11 25. Rxd2 Be8 (25... Rc8 $11 {keeps the balance.}) 26. Rc2 $1 $36 {[%mdl 2048] White has strong initiative.} Nfd7 {[#]} (26... Bd7 $16) 27. Nxd7 $2 (27. Nf3 $1 $18) 27... Bxd7 $14 28. Rc7 Bc6 {[#]} (28... Bc8 $14) 29. Nc3 (29. Bxa6 $1 $16 {[%mdl 512]} Na8 (29... bxa6 30. Rxc6) 30. Rxb7 (30. Bxb7 Nxc7 31. Bxc6 Rc8 $11)) 29... f6 $2 {[%mdl 8192] White leaves nothing to chance now.} (29... Na8 $11 {and Black has nothing to worry.} 30. Rxc6 bxc6) 30. Bd6 e5 $2 (30... Na8) 31. Bxf8 $18 Bxf8 32. dxe5 fxe5 33. Bxg6 Bd6 34. Rh7 Nd7 {Now ...Nf8 and Black clings on.} 35. Rxh5 Nf6 36. Rg5 Kf8 37. Bf5 Kf7 38. h5 Nh7 39. Bxh7 Kf6 40. Rg6+ Ke7 {[#]} 41. Rxd6 $1 Kxd6 42. h6 Be8 43. Bd3 {White mates.} e4 {[#]} 44. Nxe4+ $1 {[%mdl 64] Promotion} dxe4 45. Bxe4 {[%mdl 4096] Endgame KB-KB} Bg6 46. h7 Bxe4 47. h8=Q Bd5 {[#]} 48. Qd4 $1 Kc6 49. Qxd5+ Kxd5 {KP-KP} 50. g4 Ke4 51. g5 Kf5 52. f4 b5 53. Kf2 a5 54. Kf3 b4 55. e4+ Kg6 56. Kg4 Kg7 57. f5 Kf8 58. e5 Kf7 59. e6+ Kg7 60. Kf4 Kf8 61. Ke5 Ke7 62. f6+ Ke8 63. g6 a4 64. g7 {[%cal Rg7g8]} a3 65. g8=Q# {Accuracy: White = 58%, Black = 48%.} 1-0

[Event "Stay Safe Play From Home 214"]
[Site "T#646695Emanuel Laske"]
[Date "2020.06.10"]
[Round "4"]
[White "Toosieslide"]
[Black "Lamborghini"]
[Result "1-0"]
[WhiteElo "2217"]
[BlackElo "2182"]
[Annotator "TA"]
[PlyCount "113"]
[EventDate "2020.06.10"]
[EventType "swiss (blitz)"]

{[%evp 17,112,52,36,31,54,32,13,33,11,34,22,6,11,2,28,22,117,20,180,70,88,73,272,-61,158,175,177,181,160,165,186,53,64,45,64,64,98,68,97,99,92,93,138,139,143,135,735,732,791,773,975,972,980,985,988,973,1458,1429,1679,1359,29979,29977,1599,1599,29985,29986,29988,29988,29988,29989,29989,29990,29990,29991,29991,29992,29994,29995,29995,29996,29996,29997,29997,29996,29998,29995,29995,29995,29995,29996,29996,29997,29997,29998,29998,29999,29999]} 1. d4 g6 2. c4 Bg7 3. Nc3 d6 4. e4 Nf6 5. f3 O-O 6. Be3 Nc6 7. Nge2 a6 8. Qd2 Rb8 9. Rc1 Bd7 10. Nd1 {E84: King's Indian: Sämisch Panno: 7 Nge2 a6 8 Qd2 Rb8.} e6 11. g3 b5 12. c5 {The position is equal.} dxc5 13. Rxc5 Re8 14. Bg2 Bf8 15. Rc1 Bb4 16. Ndc3 {[#]} Ba5 $146 {[#]} (16... e5 $11 {remains equal.}) ({Predecessor:} 16... e5 17. a3 Be7 18. O-O exd4 19. Nxd4 Ne5 20. Qe2 c5 21. Nc2 b4 22. axb4 cxb4 {0-1 (52) Grigoryan,K (2533)-Valdes Romero,L (2386) Barcelona 2016}) 17. O-O (17. e5 $1 $16 Nd5 18. Bg5) 17... Bb6 $2 (17... b4 $11 {and Black stays safe.}) 18. Rfd1 ({White should try} 18. e5 $18) 18... Na5 {And now ...Nc4 would win.} 19. b3 {Hoping for e5.} Nb7 $2 (19... b4 $16) 20. d5 $2 (20. e5 $18 Nd5 21. Bg5) 20... exd5 $2 (20... b4 $15 {stays ahead.} 21. Na4 Bxe3+ 22. Qxe3 exd5) 21. Bxb6 $16 cxb6 22. Nxd5 Nxd5 23. Qxd5 ({But not} 23. exd5 $6 a5 $14) 23... Be6 24. Qxd8 ({White has to play} 24. Qc6 $18 Qe7 25. Qxb6) 24... Rbxd8 25. Nf4 Nc5 26. b4 {Threatens to win with Rxd8.} Na4 {Black is on the road to losing.} 27. Nxe6 fxe6 28. Bh3 Rxd1+ 29. Rxd1 {[%mdl 4096] Endgame KRB-KRN} Re7 30. Rd6 Kf7 31. Rc6 Nc3 $2 {[%mdl 8192]} (31... e5 $16 32. a3 Ra7) 32. Rxc3 $18 {KRB-KR} Rd7 33. Rc6 {[%mdl 64] [#] Double Attack} Rd2 34. Bxe6+ Kg7 35. Rxb6 h5 36. Rxa6 h4 37. gxh4 Kh6 38. Bg4 Rd1+ 39. Kg2 Rd2+ 40. Kg3 Rd8 41. h5 {White mates.} Kh7 42. Rxg6 Rd3 43. Bf5 Kh8 44. h6 Rd8 45. Kg4 Rf8 46. Kg5 Rf7 47. Rf6 Rg7+ 48. hxg7+ Kg8 49. Rb6 Kxg7 50. Rxb5 Kf8 51. a4 Ke7 52. a5 Kd6 53. Rc5 Ke7 54. a6 Kd6 55. a7 Ke7 56. a8=Q Kd6 57. Qd8# {Accuracy: White = 54%, Black = 37%.} 1-0

[Event "Stay Safe Play From Home 214"]
[Site "T#646695Emanuel Laske"]
[Date "2020.06.10"]
[Round "4"]
[White "Lazieri3"]
[Black "Castlingarrocco"]
[Result "0-1"]
[WhiteElo "2020"]
[BlackElo "2017"]
[Annotator "TA"]
[PlyCount "108"]
[EventDate "2020.06.10"]
[EventType "swiss (blitz)"]

{[%evp 9,108,16,24,29,30,18,27,7,16,-78,25,-352,-162,-145,-137,-141,-143,-126,-37,-148,-151,-234,-234,-231,-218,-212,-175,-156,-146,-135,-111,-114,-112,-115,0,0,0,-87,-85,-136,-145,-143,-144,-133,-126,-133,-133,-159,-158,-144,-144,-154,136,139,158,0,0,-35,-31,-172,-170,-309,-271,-186,-161,-165,-166,-165,-39,-96,0,0,0,-105,-106,-105,-106,-118,8,8,331,0,0,0,5302,128,558,331,331,330,330,273,406,358,448,441,305,29,676,845,29982]} 1. e3 g6 2. d4 Bg7 3. c4 d6 4. Nc3 Nc6 5. Nf3 e5 6. d5 {A25: English Opening vs King's Indian with ...Nc6 but without early d3.} Nce7 7. e4 f5 8. Bg5 {White has an edge.} Nf6 {[#]} 9. Qd2 $146 (9. Bd3 $11) ({Predecessor:} 9. Bd3 O-O 10. O-O fxe4 11. Nxe4 Nxe4 12. Bxe4 Qe8 13. Qd2 Bf5 14. Qe3 Bg4 15. h3 Bxf3 16. Bxf3 Nf5 17. Qd3 Nd4 18. Be4 {1-0 (31) Gass,I (1586)-Babanov,A (1957) Ekaterinburg 2019}) 9... O-O (9... Nxe4 $17 10. Nxe4 fxe4) 10. Bh6 $2 {[%mdl 8192]} (10. exf5 $11 {and White stays safe.} Bxf5 11. Nh4) 10... fxe4 ({Less strong is} 10... Nxe4 11. Nxe4 fxe4 12. Bxg7 $17) (10... Bxh6 $142 $1 11. Qxh6 fxe4) 11. Bxg7 $19 Kxg7 12. Ng5 Bf5 13. h3 Qd7 (13... h6 $17 14. g4 hxg5 15. gxf5 gxf5) 14. O-O-O (14. g4 $15 h6 15. gxf5 hxg5 16. fxg6) 14... h6 $17 15. Ne6+ (15. g4 $17) 15... Bxe6 $19 16. dxe6 Qxe6 17. Re1 Nc6 18. Nxe4 Nxe4 19. Rxe4 Qf6 20. f3 Nd4 21. Bd3 g5 ({Black should try} 21... Ne6 $17 22. Rg4 Nf4) 22. h4 $11 Rh8 23. hxg5 (23. Rf1 $11) 23... hxg5 $17 24. Ree1 (24. Rf1 $142) 24... Rxh1 25. Rxh1 Rh8 26. Rxh8 Kxh8 27. Be4 b6 28. Qe1 {next Qh1+ is good for White.} Kg7 29. Qh1 Qf4+ 30. Kb1 a5 $2 (30... Qh4 $17 {[%cal Rh4h1] keeps the pressure on.} 31. Qf1 Kf6) 31. Qh7+ $16 Kf8 {White should prevent ...Qh4.} 32. Qh8+ $2 (32. Qxc7 $16 Qd2 33. Qxd6+ Kf7 34. Qd5+ Kf8 35. Qd8+ {[%mdl 64] Double Attack} Kf7 36. Bd5+ Kg7 37. Qe7+ Kh6 38. Qf8+ Kh5 39. Qh8+ {[%mdl 64] Double Attack} Kg6 40. Be4+ Kf7 41. Qh1) 32... Ke7 $11 33. Qh7+ (33. Qc8 {is interesting.} c6 34. g4 Qd2 35. Qc7+ Ke6 36. Qc8+) 33... Qf7 34. Qxf7+ (34. Qh6 $15) 34... Kxf7 $15 {[%mdl 4096] Endgame KB-KN} 35. b3 (35. Kc1 $142) 35... Kf6 $19 36. Kc1 Ne2+ 37. Kd2 Nf4 38. g3 Nh3 ({Better is} 38... Ng6 $19 39. Kc3 Nf8) 39. Ke3 {[#]} (39. Bc6 $15) 39... Ng1 (39... g4 $1 $17 {[%mdl 512]} 40. fxg4 Ng5) 40. Kf2 $11 Nh3+ 41. Kg2 {[#]} (41. Ke3 $1 $11) 41... g4 $1 $17 {[%mdl 512] aiming for ...Ng5.} 42. fxg4 Ng5 43. Bd5 c6 ({Black should play} 43... Ne6 $17 44. Kh3 {[#]} e4 $1 {[%mdl 512]}) 44. Bxc6 $11 e4 $2 {[%mdl 8192]} (44... Ne6 $11) 45. Bd5 $2 ({White must play} 45. Kf2 $18) 45... Ke5 46. Kf2 {Threatening Ke3.} Nf7 $2 {[%mdl 8192]} (46... Kd4 $11) 47. Ke3 $2 (47. Bxf7 $18 Kf6 48. Bh5) 47... Nd8 $2 {[%mdl 8192]} (47... Nh6 $16 {is tougher.}) 48. Bxe4 {Black must now prevent Bd5.} Nf7 49. Bf5 Ng5 50. Kd3 d5 (50... Nh3 {is a better defense.} 51. Ke3 Ng5) 51. Kc3 $18 d4+ 52. Kd3 Nf3 53. b4 $2 (53. Ke2 $18 Ng1+ 54. Kd3) 53... Ne1+ $2 {[%mdl 8192]} (53... axb4 $11 54. Be4 Ng5) 54. Ke2 {bxa5 is the strong threat.} axb4 {[%mdl 32768] White used his chance. Accuracy: White = 43%, Black = 40%. . Loss on time!?} 0-1

[Event "Stay Safe Play From Home 214"]
[Site "T#646695Emanuel Laske"]
[Date "2020.06.10"]
[Round "4"]
[White "Lucknow"]
[Black "Patzeroglu"]
[Result "1-0"]
[WhiteElo "1905"]
[BlackElo "1994"]
[Annotator "TA"]
[PlyCount "87"]
[EventDate "2020.06.10"]
[EventType "swiss (blitz)"]

{[%evp 19,87,-21,-20,-24,0,-100,0,-103,-95,-88,52,4,137,6,32,-2,0,-43,0,-25,118,85,119,127,118,-218,-210,-211,-191,-186,-194,-212,-210,-204,-182,-191,0,-212,-215,-283,-259,-303,0,-260,-178,-187,-177,-186,-154,-228,0,-283,0,-241,0,-266,0,-182,294,298,320,295,289,279,304,-1201,592,572,2851,995]} 1. d4 Nf6 2. c4 e6 3. Nf3 Bb4+ 4. Bd2 a5 5. g3 b6 6. Bg2 Ba6 7. b3 c6 8. O-O O-O 9. Qc2 d5 10. a3 Be7 11. Ne5 {E15: Queen's Indian: 4 g3 sidelines, 4 g3 Ba6 and 4 g3 Bb7 early deviations.} Nfd7 {[#]} 12. f4 $146 (12. Nd3 $11) ({Predecessor:} 12. Nxd7 Nxd7 13. Nc3 Rc8 14. cxd5 cxd5 15. Rfe1 f5 16. Qb2 Kh8 17. Rac1 Bd6 18. Nb1 Nf6 19. Rxc8 Qxc8 {0-1 (36) Lenz,A (2207)-Sulava,N (2544) Imperia 2007}) 12... f5 (12... Nxe5 $17 13. fxe5 dxc4) 13. e3 (13. Be3 $11) 13... Nxe5 14. fxe5 Nd7 (14... a4 $1 $17 {[%cal Ra4b3] Hoping for ...axb3.} 15. bxa4 Bxc4) 15. Rf2 Qb8 (15... Rc8 $11 {keeps the balance.}) 16. Ra2 (16. cxd5 $1 $16 cxd5 17. Qc6 {[%mdl 64] Double Attack}) 16... Qb7 17. Rb2 Rac8 18. Bf1 Rc7 19. Nc3 b5 (19... Bxa3 $11 {remains equal.} 20. Rb1 Kh8) 20. c5 b4 21. axb4 Bxf1 22. Na4 $2 {[%mdl 8192]} (22. Rxf1 $16 {keeps the pressure on.} axb4 23. Na2) 22... Bb5 $19 ({Worse is} 22... axb4 23. Rxf1 Ra8 24. Ra2 $11) 23. bxa5 Rb8 24. Nb6 Qa6 25. Ra2 Ra7 26. b4 Rab7 27. Rb2 Ra7 $2 (27... Bd8 $19 {Threatens to win with ...Bd3.} 28. Rb3 g6) 28. Bc3 $2 (28. Ra2 $1 $11) 28... Nf8 29. Rd2 Bd8 30. Rb1 Be7 $2 ({Black should try} 30... Ng6 $19 {And now ...Nh8 would win.} 31. h4 Nh8) 31. Re1 $2 {[%mdl 8192]} (31. Rb2 $1 $11) 31... Bc4 32. Rdd1 Qb5 33. Qd2 Ra6 34. Qb2 {[#]} (34. Nxc4 $17 {might work better.} Qxc4 35. Qe2) 34... Ra7 $2 (34... Bd3 $1 $19 {...Ra7 is the strong threat.} 35. Qd2 Be4) 35. Rb1 $2 {[%mdl 8192]} (35. Qd2 $1 $11 {and White stays safe.}) 35... Ra6 $2 ({Black should play} 35... Bd3 $19 36. Ra1 h5) 36. Bd2 $2 (36. Rbd1 $1 $11 {and White is okay.}) 36... Ra7 $2 (36... Bd3 $19 37. Ra1 Ng6) 37. Rec1 $2 {[%mdl 8192]} (37. Bc3 $1 $11) 37... Ra6 $2 (37... Bd3 $19 38. Ra1 h5) 38. Rxc4 $2 (38. Re1 $11 {and White has nothing to worry.}) 38... Ra7 $4 {[%mdl 8192]} (38... dxc4 $19 {avoids the disaster.} 39. Qc2 {[#]} c3 $1 {[%mdl 512]} 40. Bxc3 Ra7) 39. Rcc1 $18 Ra6 40. Rc2 Ra7 41. Qc3 Ra6 42. Qd3 $4 {[%mdl 8192]} (42. Rcb2 $18) 42... Ra7 $4 {[%mdl 8192]} (42... Qxd3 $19 43. Rcb2 Ng6) 43. Qxb5 Ra6 44. Rc3 {Accuracy: White = 32%, Black = 31%.} 1-0

[Event "Stay Safe Play From Home 214"]
[Site "T#646695Emanuel Laske"]
[Date "2020.06.10"]
[Round "4"]
[White "Grizzzly"]
[Black "Haris kollari 13"]
[Result "1-0"]
[WhiteElo "1757"]
[BlackElo "1738"]
[Annotator "NA RC"]
[PlyCount "87"]
[EventDate "2020.06.10"]
[EventType "swiss (blitz)"]

1. d4 {[%emt 0:00:03]} e6 {[%emt 0:00:00]} 2. c4 {[%emt 0:00:00]} d5 {[%emt 0:00:00]} 3. Nc3 {[%emt 0:00:01]} c6 {[%emt 0:00:01]} 4. cxd5 {[%emt 0:00:00]} cxd5 {[%emt 0:00:02]} 5. Nf3 {[%emt 0:00:00]} f5 {[%emt 0:00:01]} 6. Bf4 {[%emt 0:00:01]} Nf6 {[%emt 0:00:00]} 7. e3 {[%emt 0:00:00]} Bd6 {[%emt 0:00:01]} 8. Bxd6 {[%emt 0:00:02]} Qxd6 {[%emt 0:00:01]} 9. Bd3 {[%emt 0:00:00]} Nc6 {[%emt 0:00:01]} 10. O-O {[%emt 0:00:01]} Bd7 {[%emt 0:00:01]} 11. Rc1 {[%emt 0:00:00]} h6 {[%emt 0:00:01]} 12. Na4 {[%emt 0:00:02]} b6 {[%emt 0:00:03]} 13. Qe2 {[%emt 0:00:02]} Rc8 {[%emt 0:00:01]} 14. Bb5 {[%emt 0:00:02]} Rc7 {[%emt 0:00:01]} 15. Bxc6 {[%emt 0:00:01]} Rxc6 {[%emt 0:00:02]} 16. Rxc6 {[%emt 0:00:02]} Bxc6 {[%emt 0:00:02]} 17. Nc3 {[%emt 0:00:01]} O-O {[%emt 0:00:02]} 18. Ne5 {[%emt 0:00:00]} Rc8 {[%emt 0:00:01]} 19. Rc1 {[%emt 0:00:01]} Be8 {[%emt 0:00:01]} 20. Rc2 {[%emt 0:00:06]} Nd7 {[%emt 0:00:05]} 21. Nb5 {[%emt 0:00:01]} Rxc2 {[%emt 0:00:02]} 22. Qxc2 {[%emt 0:00:01]} Qb8 {[%emt 0:00:08]} 23. Nc6 {[%emt 0:00:06]} Qb7 {[%emt 0:00:04]} 24. Nd6 {[%emt 0:00:01]} Qc7 {[%emt 0:00:01]} 25. Ne7+ {[%emt 0:00:01]} Kf8 {[%emt 0:00:02]} 26. Qxc7 {[%emt 0:00:00]} Kxe7 {[%emt 0:00:01]} 27. Nxe8 {[%emt 0:00:02]} Kxe8 {[%emt 0:00:01]} 28. Qxa7 {[%emt 0:00:00]} Ke7 {[%emt 0:00:01]} 29. b4 {[%emt 0:00:01]} Kd6 {[%emt 0:00:01]} 30. a4 {[%emt 0:00:00]} g5 {[%emt 0:00:01]} 31. a5 {[%emt 0:00:00]} bxa5 {[%emt 0:00:01]} 32. bxa5 {[%emt 0:00:00]} Kc6 {[%emt 0:00:01]} 33. Qa6+ {[%emt 0:00:01]} Kc7 {[%emt 0:00:02]} 34. Qxe6 {[%emt 0:00:00]} f4 {[%emt 0:00:01]} 35. Qxd5 {[%emt 0:00:01]} fxe3 {[%emt 0:00:01]} 36. a6 {[%emt 0:00:00]} g4 {[%emt 0:00:00]} 37. fxe3 {[%emt 0:00:02]} g3 {[%emt 0:00:02]} 38. Qb7+ {[%emt 0:00:01]} Kd6 {[%emt 0:00:01]} 39. a7 {[%emt 0:00:01]} gxh2+ {[%emt 0:00:02]} 40. Kxh2 {[%emt 0:00:01]} Nf6 {[%emt 0:00:00]} 41. a8=Q {[%emt 0:00:02]} Ng4+ {[%emt 0:00:01]} 42. Kg3 {[%emt 0:00:01]} Nxe3 {[%emt 0:00:01]} 43. Qd8+ {[%emt 0:00:01]} Ke6 {[%emt 0:00:01] '} 44. Qbe7+ {[%emt 0:00:01] Time (Lag: Av=0.36s, max=0.8s)} 1-0

[Event "Stay Safe Play From Home 214"]
[Site "T#646695Emanuel Laske"]
[Date "2020.06.10"]
[Round "4"]
[White "EnigmaG"]
[Black "Haxhi Baha"]
[Result "0-1"]
[WhiteElo "1579"]
[BlackElo "1946"]
[Annotator "TA"]
[PlyCount "60"]
[EventDate "2020.06.10"]
[EventType "swiss (blitz)"]

{[%evp 13,59,20,14,0,0,0,0,0,14,0,0,-6,13,0,0,-153,-128,-130,-108,-127,-133,-140,-125,-146,-146,-298,-302,-434,-357,-464,-242,-316,-138,-302,-162,-145,-178,-400,-382,-29990,-29991,-29996,-29997,-29997,-29998,-29998,-29999,-29999]} 1. e4 e6 2. d4 d5 3. exd5 exd5 4. Nf3 Nf6 5. Bd3 c6 6. O-O Bd6 7. Bg5 O-O 8. c3 {C01: French: Exchange Variation.} h6 9. Bxf6 Qxf6 10. Nbd2 {The position is equal.} Bg4 11. Qc2 Nd7 12. h3 Bh5 13. Rfe1 Rfe8 {[#]} 14. Ne5 $146 (14. Qb3 $11) ({Predecessor:} 14. g4 Bg6 15. Kf1 Kf8 16. h4 Bxd3+ 17. Qxd3 Qg6 18. Qxg6 fxg6 19. Kg2 Nb6 20. a4 {0-1 (41) Ni Laighleis,A (1212)-Stadlinger,M (1569) Mureck 2017}) 14... Bxe5 15. dxe5 Rxe5 16. Nb3 Rae8 17. Rxe5 Qxe5 18. Nd4 c5 19. Bh7+ $2 (19. Bb5 $17 {might work better.}) 19... Kh8 $19 20. Nb5 (20. Bf5 $142 Nf6 21. Nb5) 20... a6 21. Na3 Nf6 (21... g6 $142 22. g4 Kxh7) 22. Bf5 Qe2 (22... b5 $19 {And now ...b4 would win.} 23. g4 {[#]} Bg6 $1 {[%mdl 512]} 24. Bxg6 fxg6) 23. Qb3 $2 {Now White is beyond hope.} (23. Qxe2 $17 Bxe2 24. f3) 23... Re7 (23... b5 $142 {White must now prevent ...g6.} 24. Qc2 Qe5) 24. Nc2 {Threatening Re1.} g6 $36 {[%mdl 2048] Black is in control.} 25. Bg4 $2 (25. Re1 Qxe1+ 26. Nxe1 Rxe1+ 27. Kh2 gxf5 28. Qxb7) 25... Bxg4 ({Less strong is} 25... Nxg4 26. hxg4 Qxg4 27. Qxd5 $17) 26. hxg4 $2 (26. Re1 $19 c4 27. Qb6 Qxe1+ 28. Nxe1 Rxe1+ 29. Kh2) 26... Nxg4 {Black mates.} 27. Ne3 Qxf2+ 28. Kh1 Rxe3 29. Qxd5 {[#]} Rh3+ $1 30. gxh3 Qh2# {Accuracy: White = 45%, Black = 58%.} 0-1